Sports Quiz

Random Sports Quiz

Euroleague 5s: Barcelona Quiz Stats

 Plays Quiz not verified by Sporcle

Challenge
Share
Tweet
Embed
Score 0/80 Timer 20:00
0 Plays Today
% Correct
Juan Carlos Navarro
97.7%
Juan Carlos Navarro
97.7%
Juan Carlos Navarro
97.7%
Juan Carlos Navarro
97.7%
Juan Carlos Navarro
97.7%
Juan Carlos Navarro
97.7%
Juan Carlos Navarro
97.7%
Juan Carlos Navarro
97.7%
Juan Carlos Navarro
97.7%
Juan Carlos Navarro
97.7%
Juan Carlos Navarro
97.7%
Juan Carlos Navarro
97.7%
Juan Carlos Navarro
97.7%
Juan Carlos Navarro
97.7%
Juan Carlos Navarro
97.7%
Ante Tomić
90.3%
Ante Tomić
90.3%
Ante Tomić
90.3%
Ante Tomić
90.3%
Ricky Rubio
87.6%
Ricky Rubio
87.6%
Dejan Bodiroga
80.2%
Dejan Bodiroga
80.2%
Dejan Bodiroga
80.2%
Pau Gasol
79.7%
Šarūnas Jasikevičius
78.8%
Šarūnas Jasikevičius
78.8%
Šarūnas Jasikevičius
78.8%
Erazem Lorbek
76%
Erazem Lorbek
76%
Erazem Lorbek
76%
Erazem Lorbek
76%
Erazem Lorbek
76%
Marcelinho Huertas
71.9%
Marcelinho Huertas
71.9%
Marcelinho Huertas
71.9%
Marcelinho Huertas
71.9%
Gregor Fučka
70.5%
Gregor Fučka
70.5%
Gregor Fučka
70.5%
% Correct
Boniface N'Dong
66.4%
Jaka Lakovič
65.4%
Jaka Lakovič
65.4%
Jaka Lakovič
65.4%
Pete Mickeal
65%
Pete Mickeal
65%
Pete Mickeal
65%
Álex Abrines
65%
Álex Abrines
65%
Roberto Dueñas
64.1%
Roberto Dueñas
64.1%
Fran Vázquez
62.2%
Fran Vázquez
62.2%
Fran Vázquez
62.2%
Tomáš Satoranský
62.2%
Gianluca Basile
59.4%
Gianluca Basile
59.4%
Gianluca Basile
59.4%
Justin Doellman
54.8%
Justin Doellman
54.8%
Brad Oleson
54.4%
Terence Morris
51.2%
Rodrigo de la Fuente
50.7%
David Andersen
48.4%
Michalis Kakiouzis
47%
Michalis Kakiouzis
47%
Roger Grimau
43.3%
Denis Marconato
42.4%
Efthimios Rentzias
41.5%
Efthimios Rentzias
41.5%
Ersan İlyasova
35.5%
Vlado Ilievski
32.7%
Vlado Ilievski
32.7%
Artūras Karnišovas
32.3%
Artūras Karnišovas
32.3%
Shammond Williams
30.9%
Chuck Eidson
30.9%
Jordi Trias
27.6%
Mario Kasun
24.4%
Ademola Okulaja
18.9%

You're not logged in!

Compare scores with friends on all Sporcle quizzes.
OR
Log In

You Might Also Like...

Show Comments

Extras

Created Aug 26, 2016ReportNominate
Tags:Barcelona, euroleague, player

Top Quizzes Today


Score Distribution

Your Account Isn't Verified!

In order to create a playlist on Sporcle, you need to verify the email address you used during registration. Go to your Sporcle Settings to finish the process.

Report this User

Report this user for behavior that violates our Community Guidelines.

Details: